| 000 -LEADER |
| fixed length control field |
00304nam a2200121Ia 4500 |
| 008 - FIXED-LENGTH DATA ELEMENTS--GENERAL INFORMATION |
| fixed length control field |
190722s9999 xx 000 0 und d |
| 020 ## - INTERNATIONAL STANDARD BOOK NUMBER |
| International Standard Book Number |
978-5913-866-0 |
| 100 ## - MAIN ENTRY--PERSONAL NAME |
| Personal name |
Pankaj Ghemawat |
| 245 #0 - TITLE STATEMENT |
| Title |
Redefining Global Strategy |
| 260 ## - PUBLICATION, DISTRIBUTION, ETC. (IMPRINT) |
| Place of publication, distribution, etc |
America |
| Name of publisher, distributor, etc |
HBR Business School |
| Date of publication, distribution, etc |
2007 |
| 300 ## - PHYSICAL DESCRIPTION |
| Extent |
257 |
| 942 ## - ADDED ENTRY ELEMENTS (KOHA) |
| Koha item type |
Books |